000 00554nam a2200205Ia 4500
005 20250326144714.0
008 250326s9999 xx 000 0 und d
020 _a0-13-027147-0
037 _aTextbook
040 _aFMSL
_beng
_cFMSL
041 _aeng
_2eng
084 _aX:89A P1
_qFMSL
100 _aHeizer J
245 0 _aPrinciples of operations management
_cHeizer J; Render B
250 _a4
260 _aNew Jersey
_bNew Jersey, Prentice Hall
_c2001
300 _a916p
942 _cTB
_hX:89A P1
999 _c1304691
_d1304691